The Python Workbook A Brief Introduction with Exercises and Solutions

Gespeichert in:
Bibliographische Detailangaben
1. Verfasser: Stephenson, Ben
Format: Buch
Veröffentlicht: springer
Tags: Tag hinzufügen
Keine Tags, Fügen Sie das erste Tag hinzu!

MARC

LEADER 00000nam a2200000Ia 4500
005 20260515061619.0
100 |a Stephenson, Ben. 
020 |a 9783031845598 
942 |c BK 
245 |a The Python Workbook A Brief Introduction with Exercises and Solutions  
260 |b springer 
999 |c 91  |d 91 
952 |0 0  |1 0  |4 0  |7 0  |a ABDN  |b ABDN  |d 2026-05-15  |l 0  |p 000004  |r 2026-05-15 06:16:19  |w 2026-05-15  |y BK